000 00438cam a2200181ua 4500
041 _aeng
_h
082 _a828.09
_bMAI/MO
100 _aMair, G.H .
245 _aModern english literature /
_cG.H Mair.
_hTextual Documents
250 _a3 /
_b.
260 _aLondon :
_bOxford University Press ,
_c1961.
300 _a280 ; .
504 _a
700 1 _aWard, A.C .
942 _cBK
999 _c6907
_d6907